<?xml version="1.0" encoding="UTF-8"?>
<marc:record xmlns:marc="http://www.loc.gov/MARC21/slim">
   <marc:leader>00000nam a2200000 a 4500</marc:leader>
   <marc:datafield ind1="1" ind2=" " tag="100">
      <marc:subfield code="a">Goldblum, Jeff</marc:subfield>
   </marc:datafield>
   <marc:datafield ind1="1" ind2=" " tag="100">
      <marc:subfield code="a">Grande, Ariana</marc:subfield>
   </marc:datafield>
   <marc:datafield ind1="1" ind2=" " tag="100">
      <marc:subfield code="a">Erivo, Cynthia</marc:subfield>
   </marc:datafield>
   <marc:datafield ind1="0" ind2="0" tag="245">
      <marc:subfield code="a">Wicked - Teil 2</marc:subfield>
   </marc:datafield>
   <marc:datafield ind1="0" ind2="0" tag="245">
      <marc:subfield code="c">nach dem Buch von Gregory Maguire ; Filmregisseur: Jon M. Chu ; Drehbuchautor: Winnie Holzman [und 2 andere] ; Schauspieler: Cynthia Erivo, Ariana Grande, Jeff Goldblum [und andere]</marc:subfield>
   </marc:datafield>
   <marc:datafield ind1=" " ind2="1" tag="264">
      <marc:subfield code="a">Planegg</marc:subfield>
      <marc:subfield code="b">Plaion Pictures GmbH</marc:subfield>
      <marc:subfield code="c">2026</marc:subfield>
   </marc:datafield>
   <marc:datafield ind1="1" ind2=" " tag="520">
      <marc:subfield code="a">Elphaba lebt im Exil und kämpft gegen Unterdrückung, während Glinda als gefeierte Symbolfigur im Zentrum der Macht steht. Politische Intrigen und neue Bedrohungen zwingen die einstigen Freundinnen, sich erneut zusammenzuschließen und ihr Schicksal zu entscheiden.</marc:subfield>
   </marc:datafield>
   <marc:datafield ind1="3" ind2=" " tag="024">
      <marc:subfield code="a">4020628546007</marc:subfield>
   </marc:datafield>
   <marc:datafield ind1=" " ind2=" " tag="300">
      <marc:subfield code="a">1 DVD-Video (133 min)</marc:subfield>
   </marc:datafield>
</marc:record>
